000 00855nam a2200241 i 4500
001 19887
003 ES-MaACL
005 20230906152203.0
007 t|
008 021025s2002 po b |||| | por d
020 _a972-616-133-9
080 _a016 Sebastián I, Rey de Portugal
100 1 _aOliveira, Vitor Amaral de.
_986796
245 1 0 _aSebástica
_b: bibliografía geral sobre D. Sebastiao /
_ccatálogo organizado por Vitor Amaral de Oliveira.
260 _aCoimbra :
_bBiblioteca Geral da Universidade,
_c2002.
300 _aLVIII, 764 p. :
_bil. ;
_c24 cm.
490 1 _aCatálogos e bibliografias ;
_v10
504 _aBibliografía: p. 683-694.
600 0 4 _aSebastián
_bI
_cRey de Portugal-
_vBibliografías.
_9105016
830 0 _aCatálogos e bibliografias ;
_v10
_9228891
852 _aES-MaACL
_jD-8747
999 _c19887
_d19887